<?xml version="1.0" encoding="UTF-8"?><?xml-stylesheet type="text/xsl" href="static/style.xsl"?><OAI-PMH xmlns="http://www.openarchives.org/OAI/2.0/" xmlns:xsi="http://www.w3.org/2001/XMLSchema-instance" xsi:schemaLocation="http://www.openarchives.org/OAI/2.0/ http://www.openarchives.org/OAI/2.0/OAI-PMH.xsd"><responseDate>2026-04-18T04:13:32Z</responseDate><request verb="GetRecord" identifier="oai:www.recercat.cat:2117/428288" metadataPrefix="marc">https://recercat.cat/oai/request</request><GetRecord><record><header><identifier>oai:recercat.cat:2117/428288</identifier><datestamp>2026-01-20T11:29:41Z</datestamp><setSpec>com_2072_1033</setSpec><setSpec>col_2072_452951</setSpec></header><metadata><record xmlns="http://www.loc.gov/MARC21/slim" xmlns:dcterms="http://purl.org/dc/terms/" xmlns:xsi="http://www.w3.org/2001/XMLSchema-instance" xmlns:doc="http://www.lyncode.com/xoai" xsi:schemaLocation="http://www.loc.gov/MARC21/slim http://www.loc.gov/standards/marcxml/schema/MARC21slim.xsd">
   <leader>00925njm 22002777a 4500</leader>
   <datafield ind2=" " ind1=" " tag="042">
      <subfield code="a">dc</subfield>
   </datafield>
   <datafield ind2=" " ind1=" " tag="720">
      <subfield code="a">Fernández García, Marta</subfield>
      <subfield code="e">author</subfield>
   </datafield>
   <datafield ind2=" " ind1=" " tag="260">
      <subfield code="c">2025-01</subfield>
   </datafield>
   <datafield ind2=" " ind1=" " tag="520">
      <subfield code="a">El presente Trabajo de Fin de Grado tiene como objetivo el diseño de una instalación fotovoltaica conectada a la red, en modalidad de autoconsumo, que se ubicará en las cubiertas de dos edificios de oficinas en Cornellà del Llobregat. La finalidad es aumentar la autonomía energética de las oficinas y cubrir sus necesidades eléctricas. El proyecto contempla un análisis detallado de las condiciones técnicas, una parte práctica respaldada por cálculos, una planificación, los respectivos presupuestos, así como los planos necesarios. Este proyecto surge de la necesidad de impulsar un modelo energético más ecológico y responsable. Se pretende ofrecer una respuesta efectiva, produciendo energía renovable y disminuyendo la emisión de gases contaminantes. Asimismo, el ámbito de las energías renovables, y en particular la energía solar fotovoltaica, representa un área de crecimiento que brinda amplias posibilidades de formación y desarrollo, a la vez que favorece la mejora en la eficiencia energética y la reducción de costes a largo plazo</subfield>
   </datafield>
   <datafield tag="653" ind2=" " ind1=" ">
      <subfield code="a">Àrees temàtiques de la UPC::Energies::Recursos energètics renovables</subfield>
   </datafield>
   <datafield tag="653" ind2=" " ind1=" ">
      <subfield code="a">Photovoltaic power generation</subfield>
   </datafield>
   <datafield tag="653" ind2=" " ind1=" ">
      <subfield code="a">Photovoltaic power systems</subfield>
   </datafield>
   <datafield tag="653" ind2=" " ind1=" ">
      <subfield code="a">Energia solar fotovoltaica</subfield>
   </datafield>
   <datafield tag="653" ind2=" " ind1=" ">
      <subfield code="a">Instal·lacions fotovoltaiques</subfield>
   </datafield>
   <datafield ind2="0" ind1="0" tag="245">
      <subfield code="a">Diseño de una instalación fotovoltaica para el autoconsumo de un edificio de oficinas en Cornellà de Llobregat</subfield>
   </datafield>
</record></metadata></record></GetRecord></OAI-PMH>